| 000 | 01221pab a2200181 454500 | ||
|---|---|---|---|
| 008 | 180718b1995 xxu||||| |||| 00| 0 eng d | ||
| 100 | _aKlyza, Christopher McGrory | ||
| 245 |
_aPrivileged ideas and state interests _bbombs, trees and state autonomy. |
||
| 260 | _c1995 | ||
| 300 | _ap.203-17 | ||
| 362 | _aSummer | ||
| 520 | _a"The puzzle that intrigues us is the source of interests that guide the state in instances of state autonomy. We argue that one important source of these interests is ideas: When relative state autonomy exists over long periods of time, there is a strong likelihood of a privileged idea that informs state interests. State actors direct state policy during autonomous periods by adopting and privileging particular ideas (institutionalization), resulting in policy outcomes reflecting these now privileged ideas. This argument is examined in two case studies: nuclear weapons targeting since World War II, guided by counterforce, and federal public lands forestry policy since 1900, guided by technocratic utilitarianism" | ||
| 650 | _aAutonomy - United States | ||
| 650 | _aPublic interest - United States | ||
| 700 | _aMlyn, Eric | ||
| 773 | _aPolicy Studies Journal | ||
| 909 | _a29621 | ||
| 999 |
_c29621 _d29621 |
||